Januártól emelkedhetnek a szegedi diákszállók díjai Felújítják a kollégiumokat
Elmentve itt :
| Dokumentumtípus: | Cikk |
|---|---|
| Megjelent: |
2003-07-18
|
| Sorozat: | Délmagyarország
93 No. 166 |
| Kulcsszavak: | Kollégiumi díjemelés |
| Online Access: | http://dmarchiv.bibl.u-szeged.hu/125041 |
| LEADER | 00475nab a2200145 i 4500 | ||
|---|---|---|---|
| 001 | delm125041 | ||
| 005 | 20191122091023.0 | ||
| 008 | 191122s2003 hu o 0|| hun d | ||
| 040 | |a SZTE Délmagyarország Archívum |b hun | ||
| 041 | |a hun | ||
| 245 | 0 | 0 | |a Januártól emelkedhetnek a szegedi diákszállók díjai |h [elektronikus dokumentum] : |b Felújítják a kollégiumokat |
| 260 | |c 2003-07-18 | ||
| 300 | |a 1, 4 | ||
| 490 | 0 | |a Délmagyarország |v 93 No. 166 | |
| 695 | |a Kollégiumi díjemelés | ||